ELECTRONIC DEVICES AND CIRCUITS (Record no. 8230)

MARC details
000 -LEADER
fixed length control field 00567nam a22001697a 4500
003 - CONTROL NUMBER IDENTIFIER
control field SGT
020 ## - INTERNATIONAL STANDARD BOOK NUMBER
International Standard Book Number 9788120348448
082 ## - DEWEY DECIMAL CLASSIFICATION NUMBER
Classification number 621.3153
Item number KUM
100 ## - MAIN ENTRY--PERSONAL NAME
Personal name KUMAR,BALBIR
245 ## - TITLE STATEMENT
Title ELECTRONIC DEVICES AND CIRCUITS
250 ## - EDITION STATEMENT
Edition statement 2ND
260 ## - PUBLICATION, DISTRIBUTION, ETC. (IMPRINT)
Place of publication, distribution, etc NEW DELHI
Name of publisher, distributor, etc PHI
Year of Publication 2014
300 ## - PAGE DESCRIPTION
No. of Pages 728
650 ## - SUBJECT ADDED ENTRY--TOPICAL TERM
Topical term or geographic name as entry element ELECTRONICS ENGINEERING
653 ## - KEYWORDS--INDEX TERM
Keyword term SEMICONDUCTOR PHYSICS, THE p-n JUNCTION DIODE, APPLICATION OF DIODES,, BIPOLAR JUNCTION TRANSISTORS (BJT's), BJT & FET AMPLIFIERS, MULTISTAGE AMPLIFIERS, FREQUENCY RESPONSE OF AMPLIFIERS, OSCILLATORS,
942 ## - ADDED ENTRY ELEMENTS (KOHA)
Source of classification or shelving scheme Dewey Decimal Classification
Koha item type Books
Holdings
Withdrawn status Lost status Source of classification or shelving scheme Damaged status Not for loan Home library Current library Shelving location Date acquired Vendor Name Cost, normal purchase price SGTU Total Checkouts Full call number Accession No. (Barcode) Date last seen Bill Date Koha item type
    Dewey Decimal Classification     SGT Engineering Library SGT Engineering Library Reference Book 12/01/2016 GIFTED 425.00 SGTU   621.3153 KUM FE6499 12/01/2016 12/01/2016 Books